000 00764cab a2200241 4500
001 WB3323-33
008 090401t1997 xxu||||| |||| 00| 0 eng d
035 _a(Sirsi) u78844
041 _aeng
245 _aBritain`s first televillage
260 _c1997
350 _a0
490 _aSunday Times
_v`Property` 8 June 1997, 9(2)
520 _aAcorn Televillage is developing the country`s first green televillage, offering a mix of flats, houses and offices equppied with the latest IT links.
650 _aACORN TELEVILLAGES
650 _aENERGY EFFICIENCY
650 _aTELEVILLAGES
650 _aTELEWORKING
650 _aWORKING FROM HOME
690 _aMANAGEMENT-BUSINESS MANAGEMENT-INFORMATION MANAGEMENT
942 _n0
948 _c10/06/1997
999 _c49556
_d49556